Statistics for Norfolk Towns (UK)

Click here to take the quiz!

General Stats

  • This quiz has been taken 318 times
  • The average score is 11 of 27

Answer Stats

Norfolk Town% Correct
Great Yarmouth
86%
King's Lynn
78%
Cromer
76%
Dereham
64%
Thetford
61%
Diss
56%
Hunstanton
56%
Sheringham
56%
Swaffham
50%
Wymondham
50%
Attleborough
48%
Fakenham
47%
Wells-next-the-sea
46%
Holt
42%
North Walsham
41%
Acle
39%
Aylsham
37%
Downham Market
33%
Wroxham
33%
Gorleston
27%
Watton
24%
Caister-On-Sea
21%
Reepham
13%
Stalham
13%
Loddon
11%
Redenhall
10%
Hingham
7%

Score Distribution

Percentile by Number Answered

Percent of People with Each Score

Your Score History

You have not taken this quiz